<?xml version="1.0" encoding="UTF-8"?>
<record
    xmlns:xsi="http://www.w3.org/2001/XMLSchema-instance"
    xsi:schemaLocation="http://www.loc.gov/MARC21/slim http://www.loc.gov/standards/marcxml/schema/MARC21slim.xsd"
    xmlns="http://www.loc.gov/MARC21/slim">

  <leader>02993nam a2200385 a 4500</leader>
  <controlfield tag="003">CHAP</controlfield>
  <controlfield tag="005">20230530120531.0</controlfield>
  <controlfield tag="007">ta</controlfield>
  <controlfield tag="008">230530s2012    ncuado|fr|||| 001 0 eng d</controlfield>
  <datafield tag="020" ind1=" " ind2=" ">
    <subfield code="a">978-1-61735-822-7</subfield>
  </datafield>
  <datafield tag="040" ind1=" " ind2=" ">
    <subfield code="a">mxchpua</subfield>
    <subfield code="c">CHAP</subfield>
    <subfield code="e">rda</subfield>
  </datafield>
  <datafield tag="050" ind1="1" ind2="0">
    <subfield code="a">BF778</subfield>
    <subfield code="b">.C85 2012</subfield>
  </datafield>
  <datafield tag="082" ind1="0" ind2="0">
    <subfield code="a">303.372</subfield>
    <subfield code="b">C85 2012</subfield>
    <subfield code="2">20</subfield>
  </datafield>
  <datafield tag="245" ind1="1" ind2="0">
    <subfield code="a">Cultural psychology of human values / </subfield>
    <subfield code="c">editores Angela Uchoa Branco y Jaan Valsiner</subfield>
  </datafield>
  <datafield tag="250" ind1=" " ind2=" ">
    <subfield code="a">1a edici&#xF3;n</subfield>
  </datafield>
  <datafield tag="264" ind1=" " ind2=" ">
    <subfield code="a">Charlotte, NC : </subfield>
    <subfield code="b">Information Age Pub., </subfield>
    <subfield code="c">2012</subfield>
  </datafield>
  <datafield tag="300" ind1=" " ind2=" ">
    <subfield code="a">xviii, 294 p&#xE1;ginas :</subfield>
    <subfield code="b">ilustraciones, gr&#xE1;ficas, diagramas, tablas, fotos</subfield>
  </datafield>
  <datafield tag="336" ind1=" " ind2=" ">
    <subfield code="2">rdacontent</subfield>
    <subfield code="a">texto</subfield>
    <subfield code="b">txt</subfield>
  </datafield>
  <datafield tag="337" ind1=" " ind2=" ">
    <subfield code="2">rdamedia</subfield>
    <subfield code="a">sin medio</subfield>
    <subfield code="b">n</subfield>
  </datafield>
  <datafield tag="338" ind1=" " ind2=" ">
    <subfield code="2">rdacarrier</subfield>
    <subfield code="a">volumen</subfield>
    <subfield code="b">nc</subfield>
  </datafield>
  <datafield tag="490" ind1="1" ind2=" ">
    <subfield code="a">Advances in Cultural Psychology (Information Age Pub.)</subfield>
  </datafield>
  <datafield tag="504" ind1=" " ind2=" ">
    <subfield code="a">Incluye bibliograf&#xED;as</subfield>
  </datafield>
  <datafield tag="505" ind1="0" ind2=" ">
    <subfield code="a">PART I: SOCIOCULTURAL ECOLOGY OF VALUES. -- PART II: VALUES IN THE FIELD: FRAMING OF ACTIONS. -- PART III: VALUES AND PREJUDICES: MARKING THE BORDERS OF APPROACH&#x2013;AVOIDANCE DYNAMICS. -- PART IV: INCLUSION AND/OR EXCLUSION: CULTURAL AMBIVALENCES.</subfield>
  </datafield>
  <datafield tag="520" ind1="2" ind2=" ">
    <subfield code="a">The study of human values, particularly the investigation of the way ontogenesis intermingles with sociogenesis and is related to microgenesis, has not received much attention within the rapidly advancing field of cultural psychology. Considering the great relevance of this phenomena in terms of human life and development within contemporary societies, and the challenge of building a just and democratic world, cultural psychology urgently needs to address such issues, usually only partially investigated by traditional social psychologists, anthropologists, and other social sciences. We hope this international selection of theoretical elaborations will contribute to further promote the theoretical study and empirical investigation that we believe are absolutely necessary to better understand, from a psychological standpoint, human values constructions and cultural practices. With the present selection of texts, we want this book to invite the reader to reflect upon how cultural psychology may help to further investigate socially relevant phenomena concerning moral values and cultural practices, keeping in mind the mutual construction of cultural activities and values, both comprised in the cornerstone of human development. This is a particularly relevant topic for investigation all over the capitalist globalized world, where violence and an increasing difficulty to live according to ethical principles prevail.</subfield>
  </datafield>
  <datafield tag="650" ind1="1" ind2="4">
    <subfield code="9">117674</subfield>
    <subfield code="a">Valores (Psicolog&#xED;a)</subfield>
  </datafield>
  <datafield tag="650" ind1="1" ind2="3">
    <subfield code="9">187252</subfield>
    <subfield code="a">Valores culturales</subfield>
  </datafield>
  <datafield tag="650" ind1="1" ind2="3">
    <subfield code="9">187250</subfield>
    <subfield code="a">Etnopsicolog&#xED;a</subfield>
  </datafield>
  <datafield tag="650" ind1="1" ind2="3">
    <subfield code="9">187249</subfield>
    <subfield code="a">Values (Psychology)</subfield>
  </datafield>
  <datafield tag="650" ind1="1" ind2="3">
    <subfield code="9">187253</subfield>
    <subfield code="a">Cultural values</subfield>
  </datafield>
  <datafield tag="650" ind1="1" ind2="3">
    <subfield code="9">187251</subfield>
    <subfield code="a">Ethnopsychology</subfield>
  </datafield>
  <datafield tag="700" ind1="1" ind2=" ">
    <subfield code="9">187254</subfield>
    <subfield code="a">Uchoa Branco, Angela</subfield>
    <subfield code="e">editora</subfield>
  </datafield>
  <datafield tag="700" ind1="1" ind2=" ">
    <subfield code="9">187255</subfield>
    <subfield code="a">Valsiner, Jaan</subfield>
    <subfield code="e">editor</subfield>
  </datafield>
  <datafield tag="830" ind1=" " ind2="0">
    <subfield code="9">187247</subfield>
    <subfield code="a">Advances in Cultural Psychology (Information Age Pub.)</subfield>
  </datafield>
  <datafield tag="942" ind1=" " ind2=" ">
    <subfield code="2">ddc</subfield>
    <subfield code="c">Libro</subfield>
  </datafield>
  <datafield tag="999" ind1=" " ind2=" ">
    <subfield code="c">218865</subfield>
    <subfield code="d">218865</subfield>
  </datafield>
  <datafield tag="952" ind1=" " ind2=" ">
    <subfield code="0">0</subfield>
    <subfield code="1">0</subfield>
    <subfield code="2">ddc</subfield>
    <subfield code="4">0</subfield>
    <subfield code="5">1</subfield>
    <subfield code="7">0</subfield>
    <subfield code="8">GRAL</subfield>
    <subfield code="a">IA_</subfield>
    <subfield code="b">IA_</subfield>
    <subfield code="d">2019-11-22</subfield>
    <subfield code="e">Compra Librer&#xED;a UACh F. 38609</subfield>
    <subfield code="i">Consumo</subfield>
    <subfield code="l">0</subfield>
    <subfield code="o">303.372 C85 2012</subfield>
    <subfield code="p">1102014811</subfield>
    <subfield code="r">2023-05-30 00:00:00</subfield>
    <subfield code="t">Ej. 1</subfield>
    <subfield code="w">2023-05-30</subfield>
    <subfield code="y">LIBRO</subfield>
  </datafield>
  <datafield tag="952" ind1=" " ind2=" ">
    <subfield code="0">0</subfield>
    <subfield code="1">0</subfield>
    <subfield code="2">ddc</subfield>
    <subfield code="4">0</subfield>
    <subfield code="5">5</subfield>
    <subfield code="7">0</subfield>
    <subfield code="8">GRAL</subfield>
    <subfield code="a">IA_</subfield>
    <subfield code="b">IA_</subfield>
    <subfield code="d">2019-11-22</subfield>
    <subfield code="e">Compra Librer&#xED;a UACh F. 38609</subfield>
    <subfield code="i">Consumo</subfield>
    <subfield code="l">0</subfield>
    <subfield code="o">303.372 C85 2012</subfield>
    <subfield code="p">1102014812</subfield>
    <subfield code="r">2023-05-30 00:00:00</subfield>
    <subfield code="t">Ej. 2</subfield>
    <subfield code="w">2023-05-30</subfield>
    <subfield code="y">LIBRO</subfield>
  </datafield>
</record>
